000 00711cam a22002654a 4500
001 13336177
003 0
005 20170317161729.0
008 030908s2004 maua 001 0 eng
010 _a 2003065006
020 _a9780072883923
020 _a0072537728
040 _cSPU
042 _apcc
050 0 0 _aHF5821
_b.B62 2004
100 1 _aArens, William F.
245 1 0 _aContemporary advertising /
_cWilliam F. Arens.
250 _a9th ed.
260 _aBoston :
_bMcGraw-Hill/Irwin,
_cc2004.
300 _axlii, 617, [62] p. :
_bill. (some col.) ;
_c28 cm. +
440 0 _aMcGraw-Hill/Irwin series in marketing
500 _aIncludes index.
650 0 _aAdvertising.
942 _2lcc
_cBK
999 _c49506
_d49506